| 000 | 00918nam a2200277 a 4500 | ||
|---|---|---|---|
| 008 | |||
| 020 | _a8185273057 (pbk.) | ||
| 049 | _aMAIN | ||
| 090 | _aZ693.3.C55 | ||
| 100 | _aRanganathan, S.R. | ||
| 245 |
_aClassified catalogue code: _bwith additional rules for dictionary catalogue code/ _cS R Ranganathan. |
||
| 260 |
_aBangalore, India : _bSarada Ranganathan Endowment for Library Science, _c1988 |
||
| 300 |
_a644 p. , _c22 cm |
||
| 440 |
_aRanganathan Series in Library Science; _vno. 2. |
||
| 500 | _aIncludes index. | ||
| 504 | _aIncludes bibliographical references. | ||
| 650 | _aCatalogs, Classified. | ||
| 650 | _aCataloging. | ||
| 650 | _aCatalogs, dictionary. | ||
| 650 |
_aSubject cataloguing _xRules. |
||
| 907 |
_a.b10105724 _b21-11-07 _c07-01-04 |
||
| 003 | |||
| 005 | 20230123133819.0 | ||
| 040 | _cNUST | ||
| 942 |
_cBOOKS _kZ693.3.C55 |
||
| 999 |
_c155081 _d155081 |
||